| 000 | 00574 a2200229 4500 | ||
|---|---|---|---|
| 999 |
_c200435864 _d54076 |
||
| 003 | TR-AnTOB | ||
| 005 | 20200217101410.0 | ||
| 008 | 200217b xxu||||| |||| 00| 0 tur d | ||
| 020 | _a9786050502732 | ||
| 040 |
_aTR-AnTOB _cTR-AnTOB |
||
| 041 | 0 | _atur | |
| 100 | _aKarakoç, Yusuf | ||
| 245 | _aTürk Vergi Yargılaması Hukukunda Delil Sistemi / | ||
| 250 | _a3. baskı | ||
| 260 | _c2018 | ||
| 264 | _c2018 | ||
| 336 |
_2rdacontent _atext _btxt |
||
| 337 |
_2rdamedia _aunmediated _bn |
||
| 338 |
_2rdacarrier _avolume _bnc |
||
| 942 |
_2lcc _cBK |
||